Markets (Record no. 83926)

MARC details
000 -LEADER
fixed length control field 01151cab a22002175a 4500
001 - CONTROL NUMBER
control field L155901
008 - FIXED-LENGTH DATA ELEMENTS--GENERAL INFORMATION
fixed length control field 120420e2012 xxk 000 0 eng d
035 ## - SYSTEM CONTROL NUMBER
System control number (Sirsi) u155901
041 0# - LANGUAGE CODE
Language code of text/sound track or separate title eng
100 1# - MAIN ENTRY--PERSONAL NAME
Personal name Unger, Paul
245 00 - TITLE STATEMENT
Title Markets
Remainder of title Cheshire, North Wales and Merseyside
260 ## - PUBLICATION, DISTRIBUTION, ETC.
Date of publication, distribution, etc. 2012
490 #0 - SERIES STATEMENT
Series statement Property Week
Volume/sequential designation 78(15) 13 April 2012, 41-50 (5)
520 ## - SUMMARY, ETC.
Summary, etc. The proposed 6000 acre Deeside enterprise zone could generate over 7 000 new jobs from advanced manufacturers such as Airbus and Toyota. Space Northwest, a joint venture between Ashtenne Industrial Fund and the Northwest Regional Development Agency, is finding its schedule of NWDA disposals a slow process half way through its lifespan. Cheshire East Council produced in March a development prospectus for the rail town. Cheshire West and Chester Council may develop two large retail schemes in chester and Northwich. Poor office take-up figures on Liverpool's waterfront might suggest that they are ripe for conversion.
590 ## - LOCAL NOTE (RLIN)
Local note KA
651 #4 - SUBJECT ADDED ENTRY--GEOGRAPHIC NAME
Geographic name Cheshire
651 #4 - SUBJECT ADDED ENTRY--GEOGRAPHIC NAME
Geographic name North Wales
651 #4 - SUBJECT ADDED ENTRY--GEOGRAPHIC NAME
Geographic name Merseyside
690 ## - LOCAL SUBJECT ADDED ENTRY--TOPICAL TERM (OCLC, RLIN)
Topical term or geographic name as entry element Commercial property
9 (RLIN) 6227
942 ## - ADDED ENTRY ELEMENTS (KOHA)
Suppress in OPAC 0
Holdings
Withdrawn status Lost status Source of classification or shelving scheme Damaged status Not for loan Home library Current library Shelving location Date acquired Total Checkouts Full call number Barcode Date last seen Price effective from Koha item type
    Dewey Decimal Classification     London London Journal article 20/04/2012   L155901 155901-1001 06/08/2019 06/08/2019 Journal